A materialista dialektika konkrétsága

Elmentve itt :
Bibliográfiai részletek
Szerző: Szigetvári Sándor
Adatforrás:Philobibl
Forrásdokumentuma:Acta Philosophica
8.1981. p. 177-192.
Dokumentumtípus: Cikk
Nyelv:magyar
Kulcsszavak:dialektika
filozófia, marxista
LEADER 00366nab a2200121 c 4500
001 bibPHI0039680
005 20200924124216.5
008 101011s1981 hu hun
100 1 |a Szigetvári Sándor 
245 1 2 |a A materialista dialektika konkrétsága  |c Szigetvári Sándor 
695 |a dialektika 
695 |a filozófia, marxista 
773 0 |t Acta Philosophica  |g 8.1981. p. 177-192.